000 00327nam a2200133Ia 4500
008 200103s9999||||xx |||||||||||||| ||und||
040 _aIMU-MPC
082 _aColumn-5
100 _aAdmiralty
245 0 _aAdmiralty notices to nariners
250 _a40th Ed.
260 _bAdmiralty Charts and Publications
_c2007
942 _cBK
999 _c3345
_d3345